000 004660000a22001930004500
001 002920
003 MACL
005 20151206154616.0
008 151206b xxu||||| |||| 00| 0 eng d
040 _aMACL
_cMACL
041 _aEnglish
082 _a742
100 _aRangachari, Devika
_919360
245 _aThe Weather and I
_cDevika Rangachari
260 _aCBT Publication,
_c2005
350 _a60
650 _aChildren's Book
_919629
942 _k742
_cBK
_2ddc
999 _c14827
_d14827